Museu Social, Secretariat d'Aprenentatge
Descripción Física:
40 p. ; 25 cm
MARC
| LEADER | 00000nam a2200000Ia 4500 | ||
|---|---|---|---|
| 001 | 17606 | ||
| 003 | BGR | ||
| 005 | 20260324180149.0 | ||
| 008 | 160829s19-- ?] : Impr. Neotipia xx 000 0 cat d | ||
| 080 | |a 3408, exp. 13 | ||
| 110 | 1 | |a Secretariat d'Aprenentatge (Barcelona) |9 71100 | |
| 245 | |a Museu Social, Secretariat d'Aprenentatge | ||
| 260 | |a Barcelona : |b [Secretariat d'Aprenentatge, |c 19-- ?] : Impr. Neotipia | ||
| 300 | |a 40 p. ; |c 25 cm | ||
| 590 | |a El nom de l'entitat és: Institut d'Orientació Professional (Barcelona) | ||
| 610 | 2 | 0 | |a Institut d'Orientació Professional (Barcelona) |9 71099 |
| 710 | 1 | |a Museu Social (Barcelona) |9 71101 | |
| 901 | |a Arxiu | ||
| 942 | |n 1 |2 udc |c MON | ||
| 952 | |0 0 |1 0 |2 udc |4 0 |6 R1014_EXP_13 |7 1 |9 54419 |a Arxiu |b Arxiu |d 2016-12-01 |o R-1014, exp. 13 |p 17606 |r 2016-12-01 00:00:00 |w 2016-12-01 |y ARXIU | ||
| 999 | |c 58288 |d 58288 | ||